000 00323nam a22001577a 4500
003 OSt
020 _aNA
040 _c0
082 _222
_a629.8
100 _aRohrs Charles E.
245 _aLinear control systems /
260 _aMGH,
_bMGH,
300 _a195 p, ;
_bNA
_c24cm.
942 _2ddc
_cCIVIL
999 _c2476
_d2476
999 _c2657
_d2657